000 00570nam a2200169 i 4500
001 81046
003 ES-MaACL
005 20230906174345.0
007 t|
008 041102s1939 sp ||||1| spa d
245 0 0 _aHomenaje a Martínez Montañés
_b: (1568-1649) : octubre 1937.
260 _aSevilla :
_b[s.n.,
_c1939] (
_fImprenta Municipal)
300 _a177 p., 60 lám. ;
_c23 cm.
500 _aReal Academia de Bellas Artes de Santa Isabel de Hungría.
710 2 _aReal Academia de Bellas Artes de Santa Isabel de Hungría.
_96295
852 _aES-MaACL
_jA-4627
999 _c81046
_d81046